[Event "Chess24 Banter Blitz Cup"]
[Site "chess24.com INT"]
[Date "2019.11.06"]
[Round "1.14"]
[White "Chigaev, Maksim"]
[Black "Ibarra Jerez, Jose Carlos"]
[Result "1-0"]
[WhiteElo "2644"]
[BlackElo "2538"]
[PlyCount "57"]
[EventDate "2019.09.25"]
[EventType "k.o. (blitz)"]
[EventRounds "7"]
[EventCountry "USA"]
[SourceTitle "CBM 192 Extra"]
[Source "Chessbase"]
[SourceDate "2019.11.06"]
[SourceVersion "1"]
[SourceVersionDate "2019.11.06"]
[SourceQuality "1"]

1. e4 c5 2. Nf3 Nf6 3. d3 d5 4. exd5 Nxd5 5. g3 Nc6 6. Bg2 g6 7. O-O Bg7 8. Re1 O-O 9. Nbd2 e5 10. Nc4 f6 11. a4 ({RR} 11. c3 Be6 12. a4 Qd7 13. Nfd2 b6 14. Ne4 Rfd8 15. a5 Rab8 16. axb6 axb6 17. h4 h6 18. Qe2 f5 19. Ned2 b5 20. Na5 Nxa5 21. Rxa5 Bf7 22. Ra6 Rb6 23. Ra5 Nf6 24. c4 Ng4 25. Bf3 h5 {Niemann,H (2688)-Vidit,S (2721) North Richland Hills, TX USA 2024 1-0 (63)}) 11... b6 12. c3 Be6 ({RR} 12... Bb7 13. Qb3 Kh8 14. a5 Rb8 15. axb6 axb6 16. Qb5 Qc7 17. Bd2 Rfd8 18. h4 Nce7 19. h5 Bc6 20. Qb3 g5 21. h6 Bxh6 22. Nfxe5 fxe5 23. Nxe5 Be8 24. Ng4 Bg7 25. Bxg5 Qd6 26. Ra7 Rd7 27. Rxd7 {Mazurkiewicz,M (2145)-Hrbek,S (2426) chess.com INT 2024 1-0 (34)}) 13. a5 $146 ({RR} 13. Nfd2 Qd7 14. Ne4 Rad8 15. a5 f5 16. Ned6 Nxa5 17. Nxa5 bxa5 18. Nc4 Nxc3 19. bxc3 Bxc4 20. Rxa5 Bxd3 21. Rxc5 e4 22. Qb3+ Rf7 23. Bf1 Bf8 24. Ra5 Qc7 25. Qa2 Bc5 26. Bf4 Qb6 27. Be3 Bxe3 {Sajtar,J-Kavalek,L Leipzig 1965 0-1 (33)}) 13... b5 14. Ne3 Nde7 15. a6 Qb6 16. d4 cxd4 17. cxd4 Rad8 18. Nc2 e4 19. Rxe4 Bf5 20. Re1 Nd5 21. Ne3 Be4 22. Nxd5 Bxd5 23. Be3 f5 24. Qc2 h6 25. Ne5 Nb4 26. Bxd5+ Nxd5 27. Qc6 Rf6 28. Qb7 Rb8 29. Qxd5+ 1-0

[Event "Chess24 Banter Blitz Cup"]
[Site "chess24.com INT"]
[Date "2019.09.29"]
[Round "1.15"]
[White "Oleksienko, Mikhailo"]
[Black "Galkin, Alexander"]
[Result "1-0"]
[WhiteElo "2594"]
[BlackElo "2611"]
[PlyCount "81"]
[EventDate "2019.09.25"]
[EventType "k.o. (blitz)"]
[EventRounds "7"]
[EventCountry "USA"]
[SourceTitle "CBM 195 Extra"]
[Source "ChessBase"]
[SourceDate "2020.05.31"]
[SourceVersion "1"]
[SourceVersionDate "2020.05.31"]
[SourceQuality "1"]

1. Nf3 d5 2. g3 c6 3. Bg2 Bf5 4. O-O e6 5. c4 Nd7 6. cxd5 cxd5 7. d3 Ngf6 8. Nc3 h6 $146 ({RR} 8... Be7 9. Nh4 Bg6 10. Qb3 Qb6 11. Nxg6 hxg6 12. Qxb6 Nxb6 13. Be3 O-O 14. Nb5 Na4 15. b3 Nc5 16. Rfc1 Rfc8 17. Bf1 a6 18. Nd4 Ng4 19. Rc2 Nxe3 20. fxe3 Nd7 21. Rac1 Nb6 22. Kf2 Rxc2 23. Rxc2 {Titarov,V (2093)-Silva,M (2211) chess.com INT 2024 1-0 (72)}) ({RR} 8... Be7 9. Nh4 Bg6 10. Qb3 Qb6 11. Nxg6 hxg6 12. Qxb6 Nxb6 13. Be3 O-O 14. Nb5 Na4 15. b3 Nc5 16. Rfc1 Rfc8 17. Bf1 a6 18. Nd4 Ng4 19. Rc2 Nxe3 20. fxe3 Nd7 21. Rac1 Nb6 22. Kf2 Rxc2 23. Rxc2 {Titarov,V (2093)-Silva,M (2211) chess.com INT 2024 1-0 (72)}) 9. Qb3 Qb6 10. Be3 Bc5 11. Qxb6 axb6 12. Bd2 Ke7 13. a3 Rhc8 14. Rfc1 Rc6 15. b4 Bd6 16. Nd4 Bg4 17. Nxc6+ bxc6 18. h3 Bh5 19. g4 Bg6 20. f4 Ne8 21. e4 Nc7 22. f5 Bh7 23. b5 d4 24. bxc6 dxc3 25. Bxc3 Nc5 26. d4 Nb3 27. e5 Bxa3 28. Rxa3 Rxa3 29. Bb4+ Ke8 30. Bxa3 Nxc1 31. Bxc1 Nd5 32. Kf2 g6 33. fxe6 fxe6 34. Bxd5 exd5 35. Bxh6 Bg8 36. Bg5 Be6 37. Ke3 b5 38. Kd2 Bc8 39. Kc3 b4+ 40. Kxb4 Ba6 41. Kc5 1-0

[Event "Chess24 Banter Blitz Cup"]
[Site "chess24.com INT"]
[Date "2019.10.20"]
[Round "1.17"]
[White "Gordievsky, Dmitry"]
[Black "Banusz, Tamas"]
[Result "1-0"]
[WhiteElo "2579"]
[BlackElo "2619"]
[PlyCount "87"]
[EventDate "2019.09.25"]
[EventType "k.o. (blitz)"]
[EventRounds "7"]
[EventCountry "USA"]
[SourceTitle "CBM 192 Extra"]
[Source "Chessbase"]
[SourceDate "2019.11.06"]
[SourceVersion "1"]
[SourceVersionDate "2019.11.06"]
[SourceQuality "1"]

1. Nf3 d5 2. g3 Bg4 3. Bg2 c6 4. O-O Nf6 5. d3 Nbd7 6. Nbd2 e5 7. Qe1 Bc5 8. e4 dxe4 9. dxe4 O-O 10. h3 Bh5 11. Nc4 Re8 12. Bd2 ({RR} 12. a4 b5 13. Na5 Qc7 14. Bd2 Nb6 15. b3 Nfd7 16. Nh4 f6 17. axb5 cxb5 18. Nf5 Bf8 19. Ne3 Nc5 20. Nd5 Qd7 21. Bb4 Rac8 22. Qe3 Qf7 23. Ra2 f5 24. c4 f4 25. Qd2 f3 26. Bh1 Nxe4 {Praggnanandhaa,R (2690)-Maghsoodloo,P (2719) Ajka HUN 2023 0-1 (37)}) 12... Qc7 ({RR} 12... b5 13. Na5 Qc7 14. b4 Bf8 15. c4 bxc4 16. Nxc4 c5 17. b5 Nb6 18. Ba5 Nfd7 19. Nfd2 Qb7 20. a4 a6 21. Nxb6 Nxb6 22. g4 Bg6 23. Qe2 Nxa4 24. bxa6 Qc6 25. Qc4 Nb6 26. Bxb6 Qxb6 27. Rfb1 {Venkatesh,M (2382)-McNamara,G (2021) Canberra AUS 2024 1-0 (41)}) 13. Bc3 $146 ({RR} 13. Nh4 Nb6 14. Ba5 Bg6 15. Rd1 Rad8 16. Rxd8 Qxd8 17. Nd2 Qd7 18. Nb3 Bf8 19. Nxg6 hxg6 20. Qe2 Rd8 21. Nc1 Qe6 22. b3 Rd7 23. Nd3 Ne8 24. h4 Rd8 25. Kh2 Nc7 26. c4 Qc8 27. Nxe5 Ne6 {Fedoseev,V (2678)-Magalashvili,D (2456) Chess.com INT 2020 1-0 (60)}) ({RR} 13. b4 Bxf3 14. Bxf3 Bf8 15. a4 Nb6 16. Ne3 Rad8 17. a5 Nc8 18. Nf5 Nd6 19. Bg5 Nxf5 20. exf5 e4 21. Bxf6 gxf6 22. Bg2 Qe5 23. Ra3 Rd4 24. Re3 Rxb4 25. c3 Rc4 26. Qe2 Qc5 27. Re1 Rxc3 {Javakhadze,Z (2454)-Grachev,B (2612) Chess.com INT 2020 ½-½ (83)}) 13... b5 14. Na5 Nb6 15. Bd2 Bxf3 16. Bxf3 Rad8 17. Bg5 Be7 18. Rd1 h6 19. Bc1 Rxd1 20. Qxd1 Bb4 21. Nb3 Rd8 22. Qe2 Nc4 23. Rd1 Rxd1+ 24. Qxd1 Qd6 25. Qe2 Qd7 26. Kg2 a5 27. c3 Be7 28. a4 Qe6 29. axb5 cxb5 30. Nd2 Nxd2 31. Bxd2 Qb3 32. Bc1 a4 33. Qd3 b4 34. Bd1 Qa2 35. cxb4 Bxb4 36. Qb5 Qb1 37. Qxb4 Qxc1 38. Bxa4 h5 39. Bb3 Qb1 40. Qb8+ Kh7 41. Qxe5 h4 42. g4 Nxe4 43. Bxf7 Qc2 44. Qh5# 1-0

[Event "Chess24 Banter Blitz Cup"]
[Site "chess24.com INT"]
[Date "2019.11.06"]
[Round "1.18"]
[White "Chigaev, Maksim"]
[Black "Ibarra Jerez, Jose Carlos"]
[Result "1-0"]
[WhiteElo "2644"]
[BlackElo "2538"]
[PlyCount "95"]
[EventDate "2019.09.25"]
[EventType "k.o. (blitz)"]
[EventRounds "7"]
[EventCountry "USA"]
[SourceTitle "CBM 192 Extra"]
[Source "Chessbase"]
[SourceDate "2019.11.06"]
[SourceVersion "1"]
[SourceVersionDate "2019.11.06"]
[SourceQuality "1"]

1. e4 Nc6 2. Nf3 d6 3. g3 g6 4. Bg2 Nf6 5. d3 Bg7 6. O-O O-O 7. Re1 e5 ({RR} 7... Bg4 8. Nbd2 e6 9. h3 Bxf3 10. Nxf3 d5 11. Qe2 dxe4 12. dxe4 Nd4 13. Nxd4 Qxd4 14. c3 Qb6 15. Be3 Qa5 16. Qc4 c6 17. Rad1 Rfd8 18. a3 Nd7 19. Qb3 Rab8 20. Qb4 Qxb4 21. axb4 Ra8 22. Bg5 {Prokhorov,A (2247)-Fellowes,B (2203) chess.com INT 2025 1-0 (83)}) 8. Nbd2 ({RR} 8. a4 h6 9. a5 a6 10. c3 Be6 11. Nbd2 Qd7 12. b4 Bh3 13. Rb1 Bxg2 14. Kxg2 d5 15. Qc2 b6 16. Ba3 Rfd8 17. axb6 cxb6 18. Qa2 Qe6 19. Kg1 Qd7 20. Rbd1 Rac8 21. Qb3 Qh3 22. b5 Na5 {Chigaev,M (2641)-Martinez Alcantara,J (2591) Chess.com INT 2022 ½-½ (75)}) 8... h6 9. a4 a5 $146 ({RR} 9... Be6 10. a5 a6 11. c3 Qd7 12. Nc4 Rfe8 13. Nfd2 d5 14. exd5 Bxd5 15. Ne4 Nxe4 16. dxe4 Be6 17. Qxd7 Bxd7 18. Ne3 Ne7 19. Rd1 Be6 20. Nd5 Nxd5 21. exd5 Bg4 22. Re1 Rad8 23. Be3 Bd7 24. c4 {Chigaev,M (2644)-Ibarra Jerez,J (2538) chess24.com INT 2019 0-1 (37)}) 10. c3 Be6 11. Nc4 Nd7 12. Nfd2 Nc5 13. Qc2 f5 14. exf5 Bxf5 15. Ne4 Nd7 16. Ne3 Be6 17. Nd2 Nf6 18. Nb3 Qd7 19. d4 exd4 20. Nxd4 Nxd4 21. cxd4 Kh7 22. Bxb7 Rab8 23. Bc6 Qf7 24. Bg2 Bb3 25. Qc3 Rb4 26. Bd2 c5 27. Qc1 Rxd4 28. Bc3 Ne4 29. Bxd4 Qxf2+ 30. Kh1 Nxg3+ 31. hxg3 cxd4 32. Nf1 Rf5 33. Re7 Rh5+ 34. Nh2 Qxg3 35. Qg1 Kh8 36. Re8+ Kh7 37. Be4 Be5 38. Re7+ Kh8 39. Qxg3 Bxg3 40. Kg2 Bxh2 41. Rc1 Bg8 42. Rc8 Be5 43. Ree8 Rh2+ 44. Kg1 Kg7 45. Rxg8+ Kf6 46. Rxg6+ Kf7 47. Rc7+ Kf8 48. Bd5 1-0

[Event "Chess24 Banter Blitz Cup"]
[Site "chess24.com INT"]
[Date "2019.10.14"]
[Round "1.20"]
[White "Grigoryan, Karen H"]
[Black "Moussard, Jules"]
[Result "1-0"]
[WhiteElo "2608"]
[BlackElo "2608"]
[PlyCount "79"]
[EventDate "2019.09.25"]
[EventType "k.o. (blitz)"]
[EventRounds "7"]
[EventCountry "USA"]
[SourceTitle "CBM 192 Extra"]
[Source "Chessbase"]
[SourceDate "2019.11.06"]
[SourceVersion "1"]
[SourceVersionDate "2019.11.06"]
[SourceQuality "1"]

1. b4 g6 2. Bb2 Nf6 3. g3 Bg7 4. Bg2 O-O 5. Nf3 a5 6. b5 d6 ({RR} 6... d5 7. O-O a4 8. d3 Nbd7 9. Na3 Nb6 10. c4 dxc4 11. dxc4 Qxd1 12. Raxd1 Be6 13. Rc1 Rad8 14. Ng5 Bc8 15. c5 Nbd5 16. Nc4 h6 17. Nf3 c6 18. bxc6 bxc6 19. Nfe5 Bb7 20. Na5 Rb8 21. Ba1 {Sabatier,M (2211)-Monteiro,L (1942) chess.com INT 2025 1-0 (34)}) 7. d4 c6 $146 ({RR} 7... Nbd7 8. O-O Nb6 9. a4 Nc4 10. Bc1 e5 11. dxe5 dxe5 12. Nbd2 Nxd2 13. Nxd2 e4 14. Ba3 e3 15. fxe3 Ng4 16. Nb3 Nxe3 17. Bxf8 Nxd1 18. Bxg7 Kxg7 19. Raxd1 Qe7 20. Nd4 c6 21. bxc6 bxc6 22. Nxc6 {Dubov,D (2702)-Chigaev,M (2632) Chess.com INT 2022 ½-½ (54)}) ({RR} 7... Nbd7 8. O-O Nb6 9. a4 Nc4 10. Bc1 e5 11. dxe5 dxe5 12. Nbd2 Nxd2 13. Nxd2 e4 14. Ba3 e3 15. fxe3 Ng4 16. Nb3 Nxe3 17. Bxf8 Nxd1 18. Bxg7 Kxg7 19. Raxd1 Qe7 20. Nd4 c6 21. bxc6 bxc6 22. Nxc6 {Dubov,D (2702)-Chigaev,M (2632) Chess.com INT 2022 ½-½ (54)}) 8. a4 cxb5 9. axb5 d5 10. Na3 Bf5 11. c4 dxc4 12. Nxc4 Be4 13. Ncd2 Bd5 14. O-O Nbd7 15. Qb1 b6 16. e4 Bb7 17. d5 Nc5 18. Nd4 Qd7 19. Nc4 Qc7 20. Nc6 Bxc6 21. bxc6 Ra6 22. Be5 Qa7 23. Bd4 Ne8 24. Bxg7 Kxg7 25. e5 a4 26. d6 exd6 27. exd6 Nf6 28. c7 a3 29. Ra2 Nfd7 30. Qa1+ Kg8 31. Re1 b5 32. Ne5 Rxd6 33. Ng4 h5 34. Nh6+ Kh7 35. Nxf7 Qxc7 36. Re7 Nb3 37. Nxd6+ Kh6 38. Qg7+ Kg5 39. h4+ Kg4 40. Qxg6# 1-0

[Event "Chess24 Banter Blitz Cup"]
[Site "chess24.com INT"]
[Date "2019.10.14"]
[Round "1.21"]
[White "Moussard, Jules"]
[Black "Grigoryan, Karen H"]
[Result "1-0"]
[WhiteElo "2608"]
[BlackElo "2608"]
[PlyCount "127"]
[EventDate "2019.09.25"]
[EventType "k.o. (blitz)"]
[EventRounds "7"]
[EventCountry "USA"]
[SourceTitle "CBM 192 Extra"]
[Source "Chessbase"]
[SourceDate "2019.11.06"]
[SourceVersion "1"]
[SourceVersionDate "2019.11.06"]
[SourceQuality "1"]

1. Nf3 Nf6 2. g3 g6 3. Bg2 Bg7 4. O-O O-O 5. d3 d6 6. Nbd2 e5 7. e4 Nc6 8. c3 Re8 9. Re1 a5 ({RR} 9... h6 10. b4 a6 11. a4 Be6 12. Rb1 b5 13. Qc2 Qd7 14. Ba3 Bh3 15. Bh1 Rab8 16. a5 Nh5 17. Nf1 Rf8 18. Rbd1 f5 19. Nh4 Rf6 20. Qe2 f4 21. Bf3 fxg3 22. fxg3 Rbf8 23. Ne3 Qf7 24. Bg4 {Tal,M (2630)-Veingold,A (2435) Tallinn 1988 0-1 (34)}) ({RR} 9... d5 10. exd5 Nxd5 11. Ne4 f5 12. Ned2 Nf6 13. Ng5 Nd5 14. Qb3 Qxg5 15. Bxd5+ Kh8 16. Ne4 Qe7 17. Ng5 h6 18. Nf7+ Kh7 19. f4 Be6 20. Bxe6 Qxe6 21. Qxe6 Rxe6 22. d4 e4 23. Ne5 Nxe5 24. fxe5 {Zaitseva,D (1391)-Motina,A (1327) Ufa RUS 2023 1-0 (90)}) 10. a4 $146 ({RR} 10. Qc2 a4 11. Rb1 Be6 12. b4 axb3 13. axb3 h6 14. b4 b5 15. Bb2 Qd7 16. Ra1 d5 17. Nb3 Bf8 18. exd5 Rxa1 19. Rxa1 Bxd5 20. Nfd2 Bxg2 21. Kxg2 Rd8 22. Ra6 Be7 23. Ne4 Nxe4 24. dxe4 Nb8 {Maurizzi,M (2435)-Debray,C (2367) Europe Echecs INT 2020 0-1 (72)}) ({RR} 10. Qc2 a4 11. Rb1 Be6 12. b4 axb3 13. axb3 h6 14. b4 b5 15. Bb2 Qd7 16. Ra1 d5 17. Nb3 Bf8 18. exd5 Rxa1 19. Rxa1 Bxd5 20. Nfd2 Bxg2 21. Kxg2 Rd8 22. Ra6 Be7 23. Ne4 Nxe4 24. dxe4 Nb8 {Maurizzi,M (2435)-Debray,C (2367) Europe Echecs INT 2020 0-1 (72)}) 10... d5 11. exd5 Nxd5 12. Nc4 Bf5 13. Nh4 Be6 14. Nf3 f6 15. h4 Qd7 16. h5 Rad8 17. hxg6 hxg6 18. Qc2 Bf7 19. Bd2 Nde7 20. Bf1 Bxc4 21. dxc4 f5 22. Be3 e4 23. Nh4 Ne5 24. Bg2 Qd3 25. Qb3 Qxc4 26. Qxb7 Rb8 27. Qa7 N7c6 28. Qc5 Qxc5 29. Bxc5 Nd3 30. Ba3 Nxe1 31. Rxe1 Ne5 32. Re2 Red8 33. Bf1 Rd1 34. Kg2 Bf6 35. f4 Nc4 36. Nxg6 Kf7 37. Ne5+ Nxe5 38. fxe5 Bxe5 39. Rf2 Rg8 40. Bc4+ Kg7 41. Bxg8 Kxg8 42. Rxf5 Rd2+ 43. Kh3 Bd6 44. Rg5+ Kf7 45. Rg4 Bxa3 46. bxa3 Rd3 47. Rxe4 Rxc3 48. Re5 Rxa3 49. Rxa5 Rc3 50. Ra7 Rc6 51. a5 Ke6 52. a6 Kd7 53. Ra8 Rc1 54. a7 Ra1 55. g4 Kc6 56. g5 Kb7 57. Rg8 Kxa7 58. g6 Ra3+ 59. Kg4 Ra4+ 60. Kf5 Ra6 61. g7 Ra5+ 62. Ke6 Ra6+ 63. Kd7 Rd6+ 64. Kxc7 1-0

[Event "Chess24 Banter Blitz Cup"]
[Site "chess24.com INT"]
[Date "2020.01.04"]
[Round "2.2"]
[White "Nihal, Sarin"]
[Black "Navara, David"]
[Result "1-0"]
[WhiteElo "2610"]
[BlackElo "2717"]
[PlyCount "93"]
[EventDate "2019.09.25"]
[EventType "k.o. (blitz)"]
[EventRounds "7"]
[EventCountry "USA"]
[SourceTitle "CBM 194 Extra"]
[Source "ChessBase"]
[SourceDate "2020.03.31"]
[SourceVersion "1"]
[SourceVersionDate "2020.03.31"]
[SourceQuality "1"]

1. Nf3 d5 2. e3 c5 3. b3 Nf6 4. Bb2 e6 5. Bb5+ Bd7 6. Bxd7+ Nbxd7 7. O-O Bd6 ({RR} 7... Be7 8. d3 O-O 9. Nbd2 Qc7 10. c4 Rad8 11. Qe2 Rfe8 12. Rac1 dxc4 13. Nxc4 b5 {½-½ (13) Rodriguez Vila,A (2541)-Leitao,R (2601) Sao Paulo 2007}) 8. c4 ({RR} 8. d3 O-O 9. Nbd2 e5 10. e4 d4 11. Nh4 g6 12. g3 Bc7 13. Ng2 h5 14. h3 g5 15. f4 gxf4 16. gxf4 exf4 17. Nxf4 Bxf4 18. Rxf4 Kh7 19. Kh1 Rg8 20. Qf3 Rg6 21. Nc4 Qe7 22. e5 Nxe5 {Stamatiou,R (2274)-Aung Thant Zin (2268) chess.com INT 2025 1-0}) 8... O-O 9. Nc3 dxc4 $146 ({RR} 9... Rc8 10. d3 a6 11. Qd2 Bb8 12. Rac1 Qc7 13. g3 Qc6 14. Qe2 b5 15. cxd5 exd5 16. Nh4 Rfe8 17. Nd1 Qe6 18. Re1 Qh3 19. Qf1 Qxf1+ 20. Kxf1 Ng4 21. Nf3 Nde5 22. Nxe5 Nxe5 23. Bxe5 Bxe5 24. Re2 {Honfi,K-Kluger,G Budapest 1968 ½-½ (60)}) 10. bxc4 Ne5 11. Nxe5 Bxe5 12. f4 Bxc3 13. Bxc3 Ne4 14. Qc2 Nxc3 15. Qxc3 Qf6 16. Qxf6 gxf6 17. Rfb1 Rfd8 18. Rb2 Rd3 19. Kf2 b6 20. a4 Rad8 21. Ke2 e5 22. g3 exf4 23. gxf4 R3d6 24. a5 f5 25. axb6 axb6 26. Rg1+ Kf8 27. Rg5 Rh6 28. Rg2 Rdd6 29. d3 Rdg6 30. Kf2 Rd6 31. Rb3 Rh3 32. Rg5 Rxh2+ 33. Kg3 Rdh6 34. Rxf5 R6h3+ 35. Kg4 h5+ 36. Kg5 Kg7 37. Rd5 Rxe3 38. Rxb6 Rg2+ 39. Kh4 Re1 40. Rg5+ Rxg5 41. Kxg5 Rd1 42. Rd6 Rh1 43. Rd5 Rh3 44. Rd7 h4 45. f5 Rf3 46. Kg4 h3 47. Kxf3 1-0

[Event "Chess24 Banter Blitz Cup"]
[Site "chess24.com INT"]
[Date "2020.01.08"]
[Round "2.3"]
[White "Meier, Georg"]
[Black "Maghsoodloo, Parham"]
[Result "1-0"]
[WhiteElo "2628"]
[BlackElo "2664"]
[PlyCount "103"]
[EventDate "2019.09.25"]
[EventType "k.o. (blitz)"]
[EventRounds "7"]
[EventCountry "USA"]
[SourceTitle "CBM 195 Extra"]
[Source "ChessBase"]
[SourceDate "2020.05.31"]
[SourceVersion "1"]
[SourceVersionDate "2020.05.31"]
[SourceQuality "1"]

1. Nf3 d5 2. g3 c6 3. Bg2 Bg4 4. O-O Nd7 5. h3 Bh5 6. d3 e5 7. c4 dxc4 8. d4 ({RR} 8. dxc4 Ngf6 9. Nc3 Be7 10. Nh4 O-O 11. b3 Qc7 12. Nf5 Bb4 13. Bb2 Rfd8 14. Qc2 Bg6 15. e4 Bf8 16. Nh4 Nc5 17. Rad1 a5 18. Nxg6 hxg6 19. Ne2 Ne6 20. Qc3 Nd7 21. h4 Bb4 22. Qc2 Bc5 {Praggnanandhaa,R (2727)-Gukesh,D (2758) Kolkata IND 2023 1-0 (50)}) ({RR} 8. dxc4 Ngf6 9. Nc3 Bc5 10. Nh4 O-O 11. Qc2 Re8 12. b3 Bg6 13. Nxg6 hxg6 14. Bb2 Qe7 15. Rad1 Rad8 16. e3 Ba3 17. Ba1 Bb4 18. Ne4 Nxe4 19. Bxe4 f5 20. Bf3 e4 21. Be2 Bd6 22. Bd4 c5 {Praggnanandhaa,R (2684)-Maghsoodloo,P (2719) Kolkata IND 2022 1-0 (38)}) 8... e4 $146 ({RR} 8... exd4 9. Qxd4 Ngf6 10. Qxc4 Be7 11. Nh4 O-O 12. Nc3 Qa5 13. a3 Nb6 14. Qb3 Rfe8 15. e4 Bf8 16. Qc2 Bg6 17. Nxg6 hxg6 18. Bf4 Nc4 19. b4 Qh5 20. g4 Qh4 21. Bg3 Qh6 22. Rfd1 Rad8 23. Qb3 {Meier,G (2623)-Bartholomew,J (2439) Chess.com INT 2019 1-0 (43)}) ({RR} 8... Bd6 9. Na3 Bxa3 10. bxa3 exd4 11. Qxd4 Ngf6 12. Qxc4 O-O 13. a4 Re8 14. Rb1 Nb6 15. Qh4 Rxe2 16. a5 Nbd5 17. Rxb7 Qxa5 18. Nd4 Re1 19. g4 Bg6 20. g5 Ne4 21. Nxc6 Rxf1+ 22. Bxf1 Qc5 23. Ne5 {Atakhan,A (2416)-Yang Kaiqi (2481) chess.com INT 2025 0-1}) 9. Ng5 Ngf6 10. Nc3 Be7 11. Ngxe4 O-O 12. Bf4 Nxe4 13. Nxe4 b5 14. Rc1 Nb6 15. b3 Rc8 16. g4 Bg6 17. Nc5 Nd5 18. Bg3 Bxc5 19. dxc5 cxb3 20. axb3 Re8 21. Qd2 a5 22. Rfd1 a4 23. bxa4 bxa4 24. Qa2 Qa5 25. e3 h5 26. Rd4 hxg4 27. hxg4 a3 28. Ra1 Nc3 29. Qd2 Qxc5 30. Bd6 Ne2+ 31. Kf1 Nxd4 32. Bxc5 Nb3 33. Qc3 Nxa1 34. Qxa1 a2 35. Qxa2 Red8 36. Kg1 Ra8 37. Qb2 Rac8 38. Qc3 Rb8 39. Bf3 Rbc8 40. Kg2 f6 41. Kg3 Bf7 42. Bd4 c5 43. Bxc5 Rd7 44. Qb4 Rdc7 45. Bd4 Rc4 46. Qd6 Re8 47. Qf4 Rcc8 48. g5 Rcd8 49. gxf6 g5 50. Qg4 Rxd4 51. Qxg5+ Kh7 52. exd4 1-0

[Event "Chess24 Banter Blitz Cup"]
[Site "chess24.com INT"]
[Date "2020.01.04"]
[Round "2.4"]
[White "Grandelius, Nils"]
[Black "Ramirez Alvarez, Alejandro"]
[Result "1-0"]
[WhiteElo "2691"]
[BlackElo "2589"]
[PlyCount "89"]
[EventDate "2019.09.25"]
[EventType "k.o. (blitz)"]
[EventRounds "7"]
[EventCountry "USA"]
[SourceTitle "CBM 194 Extra"]
[Source "ChessBase"]
[SourceDate "2020.03.31"]
[SourceVersion "1"]
[SourceVersionDate "2020.03.31"]
[SourceQuality "1"]

1. Nf3 d5 2. g3 Nf6 3. Bg2 g6 4. d4 ({RR} 4. O-O Bg7 5. b3 c5 6. Bb2 Nc6 7. e3 O-O 8. Ne5 Bd7 9. Nxd7 Qxd7 10. d3 e5 11. Nd2 Rfe8 12. a3 Rad8 13. Qe2 d4 14. e4 Nh5 15. Bf3 Nf6 16. h4 b5 17. a4 a6 18. Ba3 Nb4 {Maghsoodloo,P (2671)-Sarana,A (2636) Chess.com INT 2019 ½-½ (86)}) ({RR} 4. b3 Bg7 5. Bb2 Bf5 6. O-O c6 7. c4 dxc4 8. bxc4 O-O 9. d3 Re8 10. Nbd2 h6 11. Nb3 Bc8 12. Qd2 e6 13. Rab1 Nbd7 14. Bc3 Rb8 15. a4 Ng4 16. Bxg7 Kxg7 17. Qf4 Ngf6 18. Ne5 Qc7 {Frank,C (1589)-Koenig,E (1517) Germany 2020 ½-½ (49)}) 4... Nbd7 $146 ({RR} 4... c5 5. c4 cxd4 6. cxd5 Qxd5 7. Qxd4 Bg7 8. Nc3 Qxd4 9. Nxd4 a6 10. O-O O-O 11. Rd1 Rd8 12. Bg5 h6 13. Be3 e5 14. Nb3 Rxd1+ 15. Rxd1 Nbd7 16. Nc5 Rb8 17. Bh3 Nxc5 18. Rd8+ Kh7 19. Bxc5 {Frank,C (1319)-Schulze,L (1429) Willingen 2016 1-0 (60)}) 5. a4 Bg7 6. a5 O-O 7. O-O c5 8. c3 Ne4 9. Be3 cxd4 10. cxd4 b6 11. Nc3 Nxc3 12. bxc3 Ba6 13. Nd2 e6 14. axb6 axb6 15. c4 Bb7 16. cxd5 Rxa1 17. Qxa1 Bxd5 18. Bxd5 exd5 19. Qa2 Nf6 20. Bg5 Qa8 21. Qxa8 Rxa8 22. Bxf6 Bxf6 23. e3 b5 24. Rb1 Rb8 25. Nb3 Be7 26. Kf1 Kf8 27. Ke2 Ke8 28. Na5 Kd7 29. Kd3 Bd8 30. Nb3 Be7 31. Ra1 Rb7 32. g4 b4 33. Ra5 Ke6 34. f3 Rc7 35. Nc5+ Bxc5 36. dxc5 Kd7 37. Kd4 Kc6 38. Ra6+ Kb5 39. Rb6+ Ka4 40. Kxd5 b3 41. c6 Ka3 42. Rb7 Rc8 43. Kd6 b2 44. c7 Ka2 45. Kd7 1-0

[Event "Chess24 Banter Blitz Cup"]
[Site "chess24.com INT"]
[Date "2020.01.04"]
[Round "2.6"]
[White "Chigaev, Maksim"]
[Black "Lenderman, Aleksandr"]
[Result "1-0"]
[WhiteElo "2644"]
[BlackElo "2648"]
[PlyCount "59"]
[EventDate "2019.09.25"]
[EventType "k.o. (blitz)"]
[EventRounds "7"]
[EventCountry "USA"]
[SourceTitle "CBM 194 Extra"]
[Source "ChessBase"]
[SourceDate "2020.03.31"]
[SourceVersion "1"]
[SourceVersionDate "2020.03.31"]
[SourceQuality "1"]

1. e4 e6 2. d3 c5 3. Nd2 Nc6 4. Ngf3 g6 5. g3 Bg7 6. Bg2 Nge7 7. O-O O-O 8. c3 d6 9. a3 ({RR} 9. Nc4 b5 10. Ne3 e5 11. Nh4 b4 12. Qc2 bxc3 13. bxc3 Ba6 14. Bb2 Rb8 15. Rad1 Qa5 16. Ba1 Bb5 17. Qd2 Qa6 18. f4 f6 19. Bh3 Nd8 20. fxe5 {½-½ (20) Geller,J (2324)-Iljushin,A (2536) St Petersburg 2001}) ({RR} 9. h4 Rb8 10. Nb3 b5 11. d4 cxd4 12. cxd4 a5 13. Be3 a4 14. Nc1 d5 15. e5 Nf5 16. Bg5 Qb6 17. Ne2 h5 18. Bh3 Nce7 19. Qd2 b4 20. Rfd1 Ba6 21. Nf4 b3 22. axb3 Qxb3 23. Ra3 Qb4 {Temel,B (1752)-Hatipli,M (1873) Antalya 2020 1-0 (50)}) 9... a5 10. a4 e5 $146 ({RR} 10... b6 11. Re1 Ba6 12. Qe2 b5 13. axb5 Bxb5 14. Nc4 a4 15. Na3 Qb6 16. h4 Na5 17. Nxb5 Nb3 18. Rxa4 Qxb5 19. Rxa8 Rxa8 20. Bf4 Nc8 21. e5 d5 22. c4 dxc4 23. dxc4 Qb6 24. Rd1 Ne7 25. Rd6 {Camacho Collados,M (2404)-Andias,J (1891) Torres Vedras 2011 1-0 (44)}) 11. Nc4 h6 12. Re1 Be6 13. Nfd2 Rb8 14. Ne3 f5 15. Nd5 f4 16. Nc4 g5 17. h3 b6 18. Ra3 Ng6 19. Rb3 Rf7 20. Rxb6 Rxb6 21. Ndxb6 Nce7 22. Nd5 Nxd5 23. exd5 Bf5 24. Be4 Qd7 25. g4 Bxe4 26. dxe4 Qc7 27. f3 Ne7 28. Qb3 Rf8 29. Qb6 Qc6 30. dxc6 1-0

[Event "Chess24 Banter Blitz Cup"]
[Site "chess24.com INT"]
[Date "2020.01.04"]
[Round "2.9"]
[White "Amin, Bassem"]
[Black "Narayanan, Sunilduth Lyna"]
[Result "1-0"]
[WhiteElo "2699"]
[BlackElo "2611"]
[PlyCount "105"]
[EventDate "2019.09.25"]
[EventType "k.o. (blitz)"]
[EventRounds "7"]
[EventCountry "USA"]
[SourceTitle "CBM 194 Extra"]
[Source "ChessBase"]
[SourceDate "2020.03.31"]
[SourceVersion "1"]
[SourceVersionDate "2020.03.31"]
[SourceQuality "1"]

1. Nf3 g6 2. g3 Bg7 3. Bg2 e5 4. O-O Nc6 5. e4 Nge7 6. c3 O-O 7. d4 d6 8. Re1 Bg4 9. d5 Nb8 10. h3 Bc8 $146 ({RR} 10... Bxf3 11. Bxf3 Nd7 12. a4 f5 13. a5 Nf6 14. a6 b6 15. Nd2 Qd7 16. Bg2 Rae8 17. Qa4 Qc8 18. c4 Bh6 19. exf5 gxf5 20. b4 e4 21. Nxe4 Bxc1 22. Nxf6+ Rxf6 23. Raxc1 f4 24. Re4 Rf7 25. Rce1 {Henriquez Villagra,C (2600)-Sengupta,D (2527) Chess.com INT 2020 0-1 (32)}) 11. c4 a5 12. Nc3 Na6 13. a3 Bd7 14. Be3 b6 15. Rb1 Nc5 16. b4 axb4 17. axb4 Na4 18. Nxa4 Rxa4 19. Qc2 f5 20. Ng5 f4 21. Bd2 fxg3 22. fxg3 Qa8 23. c5 bxc5 24. bxc5 h6 25. c6 Bc8 26. Nf3 Bxh3 27. Bxh3 Rxf3 28. Re3 Ra2 29. Qb3 Qa7 30. Qb8+ Qxb8 31. Rxb8+ Rf8 32. Be6+ Kh7 33. Rxf8 Bxf8 34. Rf3 Bg7 35. Be3 Ra3 36. Kf2 Ra2+ 37. Ke1 Ra3 38. Ke2 Ra2+ 39. Bd2 Ng8 40. Rf7 Nf6 41. Kd3 Nxe4 42. Kxe4 Rxd2 43. Rxc7 Rd4+ 44. Ke3 Rc4 45. Rd7 e4 46. Rxd6 h5 47. Rd7 Kh6 48. c7 Be5 49. d6 Rc3+ 50. Kxe4 Bxd6 51. Rxd6 Rxc7 52. Bf5 Kg5 53. Rxg6# 1-0